| 000 | 00543nam a2200169 a 4500 | ||
|---|---|---|---|
| 001 | 000040257 | ||
| 005 | 20201002034021.0 | ||
| 008 | 130820s1977 gt 000 0 spa d | ||
| 040 |
_aDO-SdBNP _bspa _cBNPHU |
||
| 082 | _axxx | ||
| 100 | 1 |
_aLara F., Celso _966532 |
|
| 245 | 1 | 0 |
_aContribución del folklore al estudio de la historia / _cCelso A. Lara F. |
| 260 |
_aGuatemala : _bUniversidad de San Carlos de Guatemala, _c1977. |
||
| 300 |
_a254 p. ; _c23 cm. |
||
| 490 | 1 |
_aProblemas y documentos _v7 |
|
| 830 | 0 |
_aProblemas y documentos _v7 _966533 |
|
| 999 |
_c39747 _d39747 |
||